Machine milking and its effects on cows = Mashinnoe doenie i razdoi korov /

Bibliographic Details
Main Author: Velitok, I. G.
Corporate Authors: United States. Agricultural Research Service, National Science Foundation (U.S.)
Format: Book
Language:English
Russian
Published: New Delhi : Amerind Pub. Co., 1977.
Subjects:

MARC

Tag First Indicator Second Indicator Subfields
LEADER 00000cam a2200000 i 4500
001 in00000665156
005 20151015080133.0
008 770804s1977 ii a b 00010 eng d
035 |a (OCoLC)03161063 
035 |9 ACX5952AM 
040 |a AGL  |c AGL  |d TXA  |d UtOrBLW 
041 1 |a eng  |a rus 
049 |a TXAM  |c 1 [1559055], 2 [1559056] 
070 |a SF247.V43 
090 |a SF250  |b .V4 
100 1 |a Velitok, I. G. 
245 1 0 |a Machine milking and its effects on cows =  |b Mashinnoe doenie i razdoi korov /  |c I. G. Velitok ; translated by R. S. Chakravarthy. 
246 3 1 |a Mashinnoe doenie i razdoi korov  
264 1 |a New Delhi :  |b Amerind Pub. Co.,  |c 1977. 
300 |a vii, 136 pages :  |b illustrations ;  |c 24 cm. 
336 |a text  |b txt  |2 rdacontent 
337 |a unmediated  |b n  |2 rdamedia 
338 |a volume  |b nc  |2 rdacarrier 
500 |a "TT 75-52056." 
500 |a Translation of Mashinnoe doenie i razdoi korov. 
500 |a "Published for the Agricultural Research Service, United States Department of Agriculture, and the National Science Foundation, Washington, D. C. ..." 
504 |a Bibliography: pages 127-136. 
650 0 |a Milking machines. 
650 0 |a Milking. 
710 1 |a United States.  |b Agricultural Research Service. 
710 2 |a National Science Foundation (U.S.) 
999 |a MARS 
999 f f |s 5e3e6783-3830-320f-8227-da6883982869  |i cc2dfec6-5788-3f0f-a0e3-28439b61e320  |t 0 
952 f f |p ric  |a Texas A&M University  |b Rellis Campus  |c Joint Library Facility  |d Remote Storage  |t 0  |e SF250 .V4  |h Library of Congress classification  |i unmediated -- volume  |m A14805235267 
998 f f |a SF250 .V4  |t 0  |l Remote Storage